| 000 | 01092ngm a22003130a 4500 | ||
|---|---|---|---|
| 001 | PT20263 | ||
| 003 | AR-LpoUNG | ||
| 005 | 20210202000322.0 | ||
| 007 | vd cvaizq | ||
| 008 | 191001suuuu||||ag |||||||||||||||||eng d | ||
| 037 | _c$10,30 | ||
| 040 |
_aAR-LpoUNG _bspa _cAR-LpoUNG _eaacr |
||
| 041 |
_aeng _aspa |
||
| 044 | _aag | ||
| 082 | 0 | _a840.912 829mis | |
| 100 | 1 |
_aHossein, Robert _edir. |
|
| 245 | 1 | 4 | _aLos miserables |
| 260 |
_aBuenos Aires : _bTranseuropa Video Entertainment, _cs.f. |
||
| 300 | _aVHS (132 min.) : son., col. | ||
| 505 | 0 | _aDioálogos en ingles, subtítulos en castellano | |
| 520 | _a1830. París arde con los fuegos de la Revolución. Las barricadas esconden sublevados, héroes, asesinos, justos y pecadores... Un hombre atraviesa las balas y el humo; un hombre debe cumplir una misión, antes de que la muerte lo sorprenda. Una misión que involucra su honra, y su amor por una niña. | ||
| 650 | 4 | _aCRISIS POLITICA | |
| 650 | 4 | _aFRANCIA | |
| 650 | 4 | _aREVOLUCION | |
| 651 | 4 | _aFrancia | |
| 653 | _aVIDEOS | ||
| 905 | _a20263 | ||
| 942 | _cVIDEO | ||
| 999 |
_c54614 _d54614 |
||